| 000 | 00860aam a2200229 a 4500 | ||
|---|---|---|---|
| 008 | |||
| 020 | _a9211124298 (pbk.) | ||
| 049 | _aMAIN | ||
| 090 | _aT173.8 | ||
| 110 | _aUnited Nations Conference on Trade and Development. | ||
| 245 | 0 | 0 |
_aScience, technology, and innovation policy review : _bJamaica / _cUNCTAD and The commission on Science and technology for development. |
| 260 |
_aNew York : _bUN, _c1999. |
||
| 300 |
_axv, 156 p. : _bill. ; _c30 cm. |
||
| 650 | 0 |
_aTechnological innovations _xGovernment policy _zJamaica. |
|
| 650 | 0 |
_aScience and industry _xGovernment policy _zJamaica. |
|
| 710 | _aUnited Nations Commission on Science and Technology for Development. | ||
| 907 |
_a.b10173420 _b31-08-05 _c29-08-05 |
||
| 003 | |||
| 005 | 20230123134058.0 | ||
| 040 | _cNUST | ||
| 942 |
_cBOOKS _kT173.8 |
||
| 999 |
_c159668 _d159668 |
||